000 01642 a2200241 4500
001 39348
005 20260407155652.0
008 260407a2015 arg spa d
003 AR-UNSa-BCEJYS
040 _aAR-UNSa-BCEJYS
_bspa
_cAR-UNSa-BCEJYS
080 _a340.12
_xTendencias en la teoría del derecho. Escuelas, doctrinas jurídicas. Filosofía del derecho. Teorías sobre el Estado y el derecho
245 1 0 _aRacionalidad en el derecho
020 _a978-950-23-2520-0
264 1 _aBuenos Aires :
_bUniversidad de Buenos Aires. Facultad de Derecho. Departamento de Publicaciones
_c2015
300 _a647 p.
_c23 cm.
520 _aste libro es una recopilación de los trabajos presentados durante el Simposio “Racionalidad en el Derecho”, organizado conjuntamente por la Facultad de Filosofía de la Universidad Estatal de San Petersburgo (Rusia) y la Facultad de Derecho de la Universidad de Buenos Aires (Argentina). El simposio se desarrolló del 5 al 7 de mayo de 2014 en la facultad de Derecho de la Universidad de Buenos Aires. El libro contiene los trabajos presentados por los once expositores plenarios del simposio de Buenos Aires, Córdoba y Mar del Plata; Rusia; España; Italia, México. Y las tres disertaciones presentadas en el debate “Mi visión de la Racionalidad en el Derecho”, llevado a cabo en la Argentina.
505 _a1. Introducción - 2. Plenarios - 3. Debates - 4. Foros
041 _aspa
942 _cBK
590 _aniveau_biblio:m niveau_hierar:0
100 1 _aAlonso, Juan Pablo
856 4 1 _uhttps://biblioeco.unsa.edu.ar/pmb/images/libros/L125776.jpg
_yImagen de portada
_qimage/jpeg
999 _c3028
_d3028